Statistics for Cy Young Award Winners

Click here to take the quiz!

General Stats

  • This quiz has been taken 120 times
  • The average score is 28 of 65

Answer Stats

HintAnswer% Correct
Justin Verlander
85%
Clayton Kershaw
80%
Randy Johnson
80%
Roger Clemens
79%
Pedro Martinez
76%
Greg Maddux
71%
Max Scherzer
71%
Tom Seaver
69%
Tom Glavine
68%
Bob Gibson
64%
John Smoltz
64%
Felix Hernandez
61%
Steve Carlton
61%
Willie Hernandez
60%
Dennis Eckersley
58%
Jim Palmer
56%
Roy Halladay
53%
Fernando Valenzuela
51%
Ron Guidry
51%
Tim Lincecum
51%
Dwight Gooden
50%
CC Sabathia
49%
Gaylord Perry
49%
Jim Perry
48%
Johan Santana
48%
Bret Saberhagen
44%
Denny McLain
44%
Ferguson Jenkins
44%
Catfish Hunter
43%
David Cone
43%
Orel Hershiser
43%
Rollie Fingers
41%
Vida Blue
41%
Corey Kluber
39%
David Price
38%
Mike Scott
38%
Cliff Lee
36%
Bob Welch
35%
Randy Jones
35%
Zack Greinke
35%
Frank Viola
34%
Barry Zito
33%
Chris Carpenter
33%
Bruce Sutter
31%
Doug Drabek
31%
Eric Gagne
31%
Jake Peavy
30%
R.A. Dickey
30%
Steve Stone
30%
Jack McDowell
29%
LaMarr Hoyt
28%
Mike Flanagan
28%
Jim Lonborg
26%
Mark Davis
26%
Sparky Lyle
26%
Bartolo Colon
25%
John Denny
24%
Mike Cuellar
24%
Pat Hentgen
24%
Rick Sutcliffe
23%
Brandon Webb
21%
Mike Marshall
20%
Pete Vuckovich
20%
Steve Bedrosian
19%
Mike McCormick
11%

Score Distribution

Percentile by Number Answered

Percent of People with Each Score

Your Score History

You have not taken this quiz